00926nam a2200241Ii 45000010005000000030009000050080041000140200015000550400033000700410008001030840011001111000032001222450026001542640064001803000012002443360026002563370028002823380027003109400050003379990017003879520131004049520149005351215CO-ViMGA241108s9999||||xx |||||||||||||| ||und|| a9588061830 aCO-ViMGAbspaerdacCO-ViMGA0 aspa aN SIE11 aJordi Sierra i Fabra94872010aLas chicas de alambre 1a[Lugar de publicación no identificado] : Santillana, 2002 avolumen atextbtxt2rdacontent aunmediatedbn2rdamedia avolumebnc2rdacarrier aidficha_siabuc: 1191. -- ficha_no_siabuc:1215 c43362d43362 001040708012aMEVIGERRbMEVIGERRcLITd2017-07-08oN SIE1pECA25960r2024-11-26 09:16:24tEj.2w2024-11-26yBKz1191 | 1441 001040708012aMEVIGERRbMEVIGERRcLITd2004-08-18l1m4oN SIE1pECA16053r2025-06-07 10:57:31s2025-03-18tEj.1w2024-11-26yBKz1191 | 1440